| 000 | 00668nam a22001817a 4500 | ||
|---|---|---|---|
| 003 | 0 | ||
| 005 | 20250820145600.0 | ||
| 008 | 250527b xxu||||| |||| 00| 0 eng d | ||
| 020 | _a978-1-5104-6713-2 | ||
| 050 |
_aTR IB PR 65.T48 _b.E54 2019 |
||
| 245 |
_aEnglish literature : _bfor the IB diploma programme / _cNic Amy, Carolyn P. Henly, Angela Stancar Johnson, & Kathleen Clare Waller. |
||
| 260 |
_aLondon : _bHodder Education, _c2019. |
||
| 300 |
_a446 pages : _bcolor illustrations ; _c28 cm. |
||
| 504 | _aIncludes bibliographical references. | ||
| 650 | _aEnglish literature. | ||
| 650 |
_aEnglish literature _xStudy and teaching (Secondary). |
||
| 942 |
_2lcc _cBK |
||
| 999 |
_c367473 _d367473 |
||